000 00330 a2200157 4500
001 47499
020 _a9788562832116
040 _cAnchieta - Aquarius
100 _aBrasileiro, Jonar
240 1 0 _aO bicho
_lpor
245 1 0 _aO bicho
300 _a40p.
362 0 _a2009
650 4 _aLiteratura infanto-juvenil
942 _cBK
999 _c47499
_d47499